| Поле | Название | Значение |
| |
Тип записи |
m |
| |
Библиографический уровень |
m |
| 001 |
Контрольный номер |
625c5cc05e9e4434870c2c4085141d4e |
| 005 |
Дата корректировки |
20260629111210.5 |
| 020 |
Индекс ISBN |
00 |
| a |
ISBN |
978-5-534-01084-8 |
| 041 |
Код языка издания |
00 |
| a |
Код языка текста |
rus |
| 080 |
Индекс УДК |
00 |
| a |
Индекс УДК |
303.425.2(075)+316(07) |
| 090 |
Шифры |
00 |
| x |
Авторский знак |
О-361 |
| c |
Каталожный индекс |
303.425.2(075)+316(07) |
| 100 |
Автор |
1_ |
| a |
Автор |
Оганян К.М. |
| 245 |
Заглавие |
10 |
| a |
Заглавие |
Социальные технологии |
| b |
Продолж. заглавия |
учебник и практикум для академического бакалавриата по гуманитарным направлениям |
| c |
Ответственность |
Санкт-Петербургский государственный экономический университет |
| 250 |
Сведения об издании |
__ |
| a |
Основные сведения об издании |
3-е изд., испр. и доп. |
| 256 |
Характеристики компьютерного файла |
__ |
| a |
Характеристики компьютерного файла |
Электрон. текстовые дан. (1 файл : 8,92 МБ) |
| 260 |
Выходные данные |
00 |
| a |
Место издания |
Москва |
| c |
Дата издания |
2018 |
| b |
Издательство |
Юрайт |
| 300 |
Физическое описание |
00 |
| a |
Объем |
Электрон. дан. (1 файл) |
| b |
Иллюстрации/ тип воспроизводства |
ил. |
| 336 |
Вид содержания |
__ |
| a |
Термин вида содержания |
Текст |
| 337 |
Средство доступа |
__ |
| a |
Термин типа средства |
электронный |
| 500 |
Примечания |
__ |
| a |
Примечание |
Режим доступа: Электронный каталог библиотеки. - Загл. с титула экрана. - Электрон. копия печ. версии |
| 504 |
Библиография |
__ |
| a |
Библиография |
Библиогр.: с. 241-248, в конце гл. |
| 520 |
Аннотация |
00 |
| a |
Аннотация |
Учебник содержит основные теоретические и практические положения новой научной дисциплины, разработанной автором по итогам научно-исследовательской и преподавательской деятельности, читаемой в течение 20 лет в вузах Санкт-Петербурга. Изложены стержневые теоретико-методологические проблемы становления и развития социальных технологий. Особо выделены инновационные, психосоциологические, организационные, проективные, коммуникативные и междисциплинарные социальные технологии. Соответствует актуальным требованиям Федерального государственного образовательного стандарта высшего образования. Для студентов, обучающихся по направлению «Социология», и аспирантов, специализирующихся в области социологии управления и экономической социологии. |
| 521 |
Примеч. о цел. назн. |
0_ |
| e |
Дисциплина |
Социология |
| 650 |
Тематические рубрики |
14 |
| a |
Предметная рубрика |
ОБЩЕСТВЕННЫЕ НАУКИ |
| 650 |
Тематические рубрики |
04 |
| a |
Предметная рубрика |
ТРУДЫ СОТРУДНИКОВ |
| 650 |
Тематические рубрики |
04 |
| a |
Предметная рубрика |
ЭЛЕКТРОННАЯ БИБЛИОТЕКА |
| 653 |
Ключевые слова |
1_ |
| a |
Ключевые слова |
СОЦИАЛЬНЫЕ ТЕХНОЛОГИИ; ОРГАНИЗАЦИОННАЯ КУЛЬТУРА; ТРАНСАКТНЫЙ АНАЛИЗ; НЕЙРОЛИНГВИСТИЧЕСКОЕ ПРОГРАММИРОВАНИЕ; ПСИХОЛОГИЧЕСКАЯ ПОМОЩЬ; ПРОФЕССИОНАЛЬНОЕ ОБЩЕНИЕ; КОРПОРАТИВНАЯ КУЛЬТУРА; ПРОГНОЗИРОВАНИЕ; СОЦИАЛЬНОЕ ПРОЕКТИРОВАНИЕ; КОММУНИКАЦИОННЫЕ ТЕХНОЛОГИИ; МЕДИКО-СОЦИАЛЬНЫЕ ТЕХНОЛОГИИ |
| 900 |
Макрообъекты |
__ |
| a |
Имя макрообъекта |
Социальные технологии (обл.) |
| 900 |
Макрообъекты |
__ |
| a |
Имя макрообъекта |
Социальные технологии (020587) |
| 901 |
Тип документа |
__ |
| t |
Тип документа |
m |
| 952 |
Тип литературы |
__ |
| a |
Тип литературы для КСУ ВШ |
ЭКУ |
| 999 |
Фонд |
__ |
| a |
Фонд |
ЭК 2026 |
| a |
Фонд |
РИНЦ |